Idea liberalizmu v pragmatickej perspektíve hľadania slobody a lepšieho sveta. Potreba neustálej revízie ideových základov nášho myslenia.
Idea liberalizmu v intelektuálnej tradícii hľadania lepšieho človeka a sveta. Potreba neustálej revízie ideových základov nášho myslenia .
Uložené v:
| Hlavný autor: | |
|---|---|
| Médium: | Kapitola |
| Jazyk: | Slovak |
| Predmet: | |
| Tagy: |
Žiadne tagy, Buďte prvý, kto otaguje tento záznam!
|
MARC
| LEADER | 00000naa a2200000 4500 | ||
|---|---|---|---|
| 001 | 0248392 | ||
| 005 | 20181022101529.0 | ||
| 041 | 0 | |a slo | |
| 044 | |a SK | ||
| 245 | 1 | 0 | |a Idea liberalizmu v pragmatickej perspektíve hľadania slobody a lepšieho sveta. Potreba neustálej revízie ideových základov nášho myslenia. |c Daniel Dobiaš |
| 520 | |a Idea liberalizmu v intelektuálnej tradícii hľadania lepšieho človeka a sveta. Potreba neustálej revízie ideových základov nášho myslenia . | ||
| 610 | 2 | 0 | |a liberalizmus |
| 610 | 2 | 0 | |a sloboda |
| 610 | 2 | 0 | |a morálka |
| 610 | 2 | 0 | |a politológia |
| 610 | 2 | 0 | |a demokracia |
| 100 | 1 | |a Dobiaš, Daniel | |